000 004670000a22001930004500
001 003772
003 MACL
005 20151205170022.0
008 151205b xxu||||| |||| 00| 0 eng d
040 _aMACL
_cMACL
041 _aEnglish
082 _a742
100 _aShloka Publications,
_919420
245 _aNatural Disasters
_cShloka Publications
260 _aShloka Publications,
_c2002
350 _a100
650 _aDrawings
_97738
942 _k742
_cBK
_2ddc
999 _c15666
_d15666